|
|
|
|
| LEADER |
00000nam a2200000 4500 |
| 001 |
vtls012134158 |
| 003 |
SK-MaSNL |
| 005 |
20260301055510.0 |
| 008 |
220509s2020 xxkoc gr 001 0deng |
| 015 |
|
|
|a SNBZSA2024/01
|
| 020 |
|
|
|a 9781786275059
|q (viazané)
|
| 040 |
|
|
|a SNK
|b slo
|c SNK
|e rda
|
| 041 |
0 |
|
|a eng
|
| 044 |
|
|
|a xxk
|c GB
|
| 072 |
|
7 |
|a 77
|x Fotografia. Fotografické postupy
|2 konspekt
|
| 080 |
|
|
|a 7.071
|2 2011
|
| 080 |
|
|
|a 77.041.5
|2 2011
|
| 080 |
|
|
|a (084.12)
|2 2011
|
| 080 |
|
|
|a (048.8)
|2 2011
|
| 080 |
|
|
|a 77-055.1
|2 2011
|
| 080 |
|
|
|a 77
|2 2011
|
| 100 |
1 |
|
|a Bainbridge, Simon
|4 aut
|9 369207
|
| 245 |
1 |
0 |
|a Magnum artists
|b great photographers meet great artists
|c Simon Bainbridge
|
| 264 |
|
1 |
|a London
|b Laurence King Publishing Ltd.
|c 2020
|
| 300 |
|
|
|a 256 strán
|b fotografie (niektoré farebné), portréty
|c 31 cm
|
| 336 |
|
|
|a text
|b txt
|2 rdacontent
|
| 336 |
|
|
|a statický obraz
|b sti
|2 rdacontent
|
| 337 |
|
|
|a bez média
|b n
|2 rdamedia
|
| 338 |
|
|
|a zväzok
|b nc
|2 rdacarrier
|
| 500 |
|
|
|a Obsahuje profesijné údaje o autorovi a zoznam umelcov s názvami fotografií
|
| 504 |
|
|
|a Obsahuje register
|
| 650 |
0 |
7 |
|a umelci
|2 SNKPH
|9 2894
|
| 650 |
0 |
7 |
|a Artists
|2 SNKPHeng
|9 265151
|
| 650 |
0 |
7 |
|a fotografi
|2 SNKPH
|9 3159
|
| 650 |
0 |
7 |
|a Photographers
|2 SNKPHeng
|9 266312
|
| 650 |
0 |
7 |
|a portrétna fotografia
|2 SNKPH
|9 66695
|
| 650 |
0 |
7 |
|a Portrait photography
|2 SNKPHeng
|9 346454
|
| 650 |
0 |
7 |
|a umelecká fotografia
|2 SNKPH
|9 29370
|
| 650 |
0 |
7 |
|a Photography, Artistic
|2 SNKPHeng
|9 297367
|
| 655 |
|
7 |
|a fotografické publikácie
|2 SNKPH
|9 70483
|
| 655 |
|
7 |
|a Photographic publication
|2 SNKPHeng
|9 266858
|
| 655 |
|
7 |
|a Monographs
|2 SNKPHeng
|9 120675
|
| 655 |
|
7 |
|a monografie
|2 SNKPH
|9 70139
|
| 710 |
2 |
|
|a Magnum Photos
|4 pht
|9 369208
|
| 852 |
|
|
|a Slovenská národná knižnica
|
| 919 |
|
|
|a 978-1-78627-505-9
|
| 954 |
|
|
|a obrazové publikácie zamerané na výtvarné umenie a fotografiu cudzojazyčné (svetové)
|2 lita
|
| 958 |
|
|
|a ZS
|
| 999 |
|
|
|c 613490
|d 615420
|
| 952 |
|
|
|a SNK
|b SNK
|y PREZ
|7 0
|p 17A1514695
|o snkSB 98651
|i snk2022/16720
|8 4
|g 44.84
|0 0
|1 0
|4 0
|d 2022-05-09
|f 1
|l 0
|r 2025-05-19 00:00:00
|w 2026-02-23
|